000 00889nam a2200301 a 4500
001 000012988
003 DO-SdBNP
005 20180126091332.0
007 000012988
008 091118s1993 sp 000 f spa d
020 _a9681901770
040 _aBPMET
_bspa
_cBPMET
092 _aPa863.44
_bR628f
100 1 _aRoa Bastos, Augusto,
_d1917-2005
245 1 3 _aEl fiscal /
_cAugusto Roa Bastos.
260 _aMadrid :
_bClub Internacional del Libro,
_c1995.
300 _a367 p. ;
_c23 cm.
490 0 _aAfaguara hispánica
_v108
500 _aIncluye datos biográficos del autor en solapa de la cubierta
586 _aPremio Cervantes, 1989.
650 4 _aNOVELA PARAGUAYA
650 4 _aLITERATURA PARAGUAYA
_ySIGLO XX
830 0 _aAfaguara hispánica
_n108
910 _aWM
942 _2ddc
_cBK
945 _aInventariado, 2018 / YL
956 _aYLOCKWARD
_b10
_cBPMSU
999 _c7632
_d7632